Central Library OPAC University of Rajshahi

A history of American philosophy / (Record no. 32220)

MARC details
000 -LEADER
fixed length control field 00975nam a22002892 4500
001 - CONTROL NUMBER
control field 32220
003 - CONTROL NUMBER IDENTIFIER
rucl marc code BD-RjUL
005 - DATE AND TIME OF LATEST TRANSACTION
control field 20211209051814.0
008 - FIXED-LENGTH DATA ELEMENTS--GENERAL INFORMATION
fixed length control field 140424r19571946enk 0|0 eng d
035 ## - SYSTEM CONTROL NUMBER
System control number (BD-RjUL)32309
040 ## - CATALOGING SOURCE
Original cataloging agency BJO
Transcribing agency BJO
Modifying agency WBU
-- SER
-- BD-RjUL
-- BD-RjUL
Language of cataloging eng
041 ## - LANGUAGE CODE
Language code of text/sound track or separate title eng
082 ## - DEWEY DECIMAL CLASSIFICATION NUMBER
Classification number 191
Author mark and year SCH 1957
090 ## - LOCALLY ASSIGNED LC-TYPE CALL NUMBER (OCLC); LOCAL CALL NUMBER (OCLC)
Classification number (OCLC) (R) ; Classification number, CALL (RLIN) (NR) B851
Local cutter number (OCLC) ; Book number/undivided call number, CALL (RLIN) .S4
100 1# - MAIN ENTRY--PERSONAL NAME
Personal name Schneider, Herbert W.
Fuller form of name (Herbert Wallace),
Dates associated with a name 1892-1984.
9 (RLIN) 98054
245 12 - TITLE STATEMENT
Title A history of American philosophy /
Statement of responsibility, etc. Herbert W. Schneider.
260 ## - PUBLICATION, DISTRIBUTION, ETC. (IMPRINT)
Place of publication, distribution, etc. New York :
Name of publisher, distributor, etc. Columbia University Press,
Date of publication, distribution, etc. 1946 [Printed 1957]
300 ## - PHYSICAL DESCRIPTION
Pagination xii, 368 p. ;
Size 24 cm.
490 1# - SERIES STATEMENT
Series statement Columbia studies in American culture,
Volume/sequential designation 18.
500 ## - GENERAL NOTE
General note "Guide to the literature" at end of each part.
650 #0 - SUBJECT ADDED ENTRY--TOPICAL TERM
Topical term or geographic name as entry element Philosophy, American
General subdivision History.
9 (RLIN) 95574
651 #0 - SUBJECT ADDED ENTRY--GEOGRAPHIC NAME
Geographic name United States
General subdivision Civilization.
9 (RLIN) 98055
830 #0 - SERIES ADDED ENTRY--UNIFORM TITLE
Volume number/sequential designation 18.
Uniform title Columbia studies in American culture,
942 ## - ADDED ENTRY ELEMENTS (KOHA)
Source of classification or shelving scheme Dewey Decimal Classification
Koha item type Books
Holdings
Lost status Source of classification or shelving scheme Damaged status Not for loan Collection code Permanent Location Current Location Shelving location Date acquired Total Checkouts Full call number Date last seen Copy number Koha item type
  Dewey Decimal Classification     Non-fiction Central Library, University of Rajshahi Central Library, University of Rajshahi   24/04/2014   191 SCH 1957 24/04/2014 C-2 Books
  Dewey Decimal Classification     Non-fiction Central Library, University of Rajshahi Central Library, University of Rajshahi   24/04/2014   191 SCH 1957 24/04/2014 C-3 Books
  Dewey Decimal Classification   Not For Loan Non-fiction Central Library, University of Rajshahi Central Library, University of Rajshahi Reading Room 24/04/2014   191 SCH 1957 24/04/2014 C-1 Books
  Dewey Decimal Classification     Non-fiction Central Library, University of Rajshahi Central Library, University of Rajshahi   26/04/2014   191 SCH 1957 26/04/2014 C-4 Books